000 00867nam a22002537a 4500
005 20240530110430.0
008 150330s2011 ua oa f 000 0 ara d
017 _a2008/17636
_bمصر . دار الكتب المصرية
020 _a9789770925170
040 _aEG-CaGPL
082 0 4 _221
_a923.2
_bق/ص م
100 0 _aصلاح عيسى
245 1 0 _aمأساة مدام فهمى :
_bحكايات من دفتر الوطن /
_cصلاح عيسى.
250 _aط1.
260 _aالقاهرة :
_bدار الشروق ،
_c2011.
300 _a298 ص :
_bصور ؛
_c26 سم.
600 0 _aمارجريت ميلر
600 0 _aمارجريت ميلر
_vصور
600 0 _aعلى فهمى
_vصور
600 0 _aعلى فهمى
651 0 4 _aمصر
_xالاحوال السياسية
942 _2ddc
_cBK
999 _c60834
_d60834